[Event "Kingston Easter U2200"]
[Site "Kingston"]
[Date "2019.04.21"]
[Round "6.19"]
[White "Xu, Daniel"]
[Black "Xu, Ruoying"]
[Result "0-1"]
[WhiteElo "2081"]
[BlackElo "2053"]
[PlyCount "62"]
[EventDate "2019.04.18"]
[EventType "swiss"]
[EventRounds "9"]
[EventCountry "CAN"]
[SourceTitle "EXT 2022"]
[Source "ChessBase"]
[SourceDate "2021.10.06"]
[SourceVersion "1"]
[SourceVersionDate "2021.10.06"]
[SourceQuality "1"]

1. d4 d5 2. c4 c6 3. Nf3 Nf6 4. Nc3 dxc4 5. a4 Bf5 6. e3 e6 7. Bxc4 Bb4 8. 0-0 Nbd7 9. Qe2 Bg6 10. Bd3 Bh5 11. Ne4 Nxe4 12. Bxe4 0-0 13. Qc4 Bd6 14. Nd2 Nf6 15. Bf3 Bxf3 16. Nxf3 Rc8 17. Qe2 Ne4 18. Qd3 f5 19. Nd2 Bxh2+ 20. Kxh2 Qh4+ 21. Kg1 Rf6 22. Nxe4 fxe4 23. Qe2 Rcf8 24. b3 Rh6 25. f4 exf3 26. Rxf3 Rxf3 27. Qxf3 Qe1+ 28. Qf1 Rh1+ 29. Kxh1 Qxf1+ 30. Kh2 h5 31. Bb2 Qf2 0-1

[Event "Kingston Easter U2200"]
[Site "Kingston"]
[Date "2019.04.20"]
[Round "4.22"]
[White "Zhao, Jeffrey Renfei"]
[Black "Xu, Ruoying"]
[Result "0-1"]
[WhiteElo "1968"]
[BlackElo "2053"]
[PlyCount "108"]
[EventDate "2019.04.18"]
[EventType "swiss"]
[EventRounds "9"]
[EventCountry "CAN"]
[SourceTitle "EXT 2022"]
[Source "ChessBase"]
[SourceDate "2021.10.06"]
[SourceVersion "1"]
[SourceVersionDate "2021.10.06"]
[SourceQuality "1"]

1. e4 e5 2. Nf3 Nc6 3. Bc4 Bc5 4. c3 Nf6 5. d3 a6 6. Nbd2 d6 7. Bb3 Ba7 8. 0-0 0-0 9. h3 Be6 10. Bc2 d5 11. Re1 dxe4 12. dxe4 Nh5 13. Nf1 Nf4 14. Ne3 Qxd1 15. Nxd1 Rad8 16. Be3 f6 17. Bxa7 Nxa7 18. Ne3 Nb5 19. a4 Nd6 20. Rad1 Nc4 21. b3 Na3 22. c4 Nxc2 23. Nxc2 Nd3 24. Re3 Nc5 25. Rxd8 Rxd8 26. Kf1 Nxb3 27. Na3 Na5 28. Rc3 Bf7 29. Ke2 Be8 30. Rc2 Bxa4 31. Rb2 Bd1+ 32. Ke3 Bxf3 33. gxf3 Rd1 34. Rb4 Ra1 35. Nc2 Ra2 36. Kd3 c5 37. Rb6 Ra4 38. Ne3 Ra3+ 39. Ke2 Ra2+ 40. Ke1 h5 41. h4 Ra4 42. Ke2 Nxc4 43. Nxc4 Rxc4 44. Rxb7 a5 45. Rb5 a4 46. Ra5 Kf7 47. Kd3 Rd4+ 48. Kc3 Rb4 49. Rxc5 Rb3+ 50. Kd2 Rxf3 51. Ke2 Rh3 52. Ra5 a3 53. Ra4 Rxh4 54. Rxa3 Rxe4+ 0-1

[Event "Novi Sad TS IM 65th"]
[Site "Novi Sad"]
[Date "2018.02.14"]
[Round "6"]
[White "Xu, Ruoying"]
[Black "Besedes, Danilo"]
[Result "0-1"]
[WhiteElo "1972"]
[BlackElo "2312"]
[PlyCount "130"]
[EventDate "2018.02.11"]
[EventType "tourn"]
[EventRounds "9"]
[EventCountry "SRB"]
[SourceTitle "CBM 183 Extra"]
[Source "ChessBase"]
[SourceDate "2018.04.19"]
[SourceVersion "1"]
[SourceVersionDate "2018.04.19"]
[SourceQuality "1"]

1. d4 d5 2. Nf3 Nf6 3. Bg5 Ne4 4. Bh4 Qd6 5. c3 Qh6 6. Nbd2 g5 7. Bg3 Nxg3 8. fxg3 Nc6 9. Qb3 g4 10. Ne5 Nxe5 11. dxe5 c6 12. c4 dxc4 13. Qxc4 Bg7 14. Qe4 Be6 15. e3 Qg6 16. Qxg6 hxg6 17. Bc4 Bxc4 18. Nxc4 b5 19. Na5 Rc8 20. Rc1 Bxe5 21. Ke2 c5 22. b3 e6 23. Nb7 c4 24. bxc4 bxc4 25. Na5 c3 26. Nb3 Ke7 27. Nd4 Bxd4 28. exd4 Rhd8 29. Rhd1 Rc4 30. Rc2 Rcxd4 31. Rxd4 Rxd4 32. Rxc3 Ra4 33. a3 f5 34. Rb3 Kf6 35. Kf2 e5 36. Ke3 g5 37. Rc3 f4+ 38. Kf2 Kf5 39. Rb3 Ke4 40. gxf4 gxf4 41. Ke2 Kf5 42. h3 gxh3 43. Rxh3 Kg4 44. Rb3 e4 45. Kf1 e3 46. Ke2 Rd4 47. Rb7 Rd2+ 48. Kf1 Rf2+ 49. Kg1 Ra2 50. Kf1 Rxa3 51. Rg7+ Kf5 52. Rf7+ Ke5 53. Re7+ Kf6 54. Re4 Kf5 55. Re8 Ra1+ 56. Ke2 Ra2+ 57. Kf1 Rf2+ 58. Kg1 a5 59. Rf8+ Ke4 60. Ra8 Ra2 61. Kf1 Kd3 62. Rd8+ Kc3 63. Rc8+ Kd2 64. Rd8+ Kc2 65. Rc8+ Kd1 0-1

[Event "Novi Sad TS IM 65th"]
[Site "Novi Sad"]
[Date "2018.02.11"]
[Round "1"]
[White "Xu, Ruoying"]
[Black "Sredojevic, Ivan"]
[Result "0-1"]
[WhiteElo "1972"]
[BlackElo "2351"]
[PlyCount "30"]
[EventDate "2018.02.11"]
[EventType "tourn"]
[EventRounds "9"]
[EventCountry "SRB"]
[SourceTitle "CBM 183 Extra"]
[Source "ChessBase"]
[SourceDate "2018.04.19"]
[SourceVersion "1"]
[SourceVersionDate "2018.04.19"]
[SourceQuality "1"]

1. d4 Nf6 2. Nf3 e6 3. Bg5 h6 4. Bh4 b6 5. e3 Bb7 6. Bd3 g5 7. Bg3 g4 8. Nh4 Be7 9. 0-0 Rg8 10. Qe1 Nh5 11. f3 Nxg3 12. hxg3 Bxh4 13. gxh4 g3 14. Qc3 Qxh4 15. Re1 Bxf3 0-1

[Event "Novi Sad TS 64th"]
[Site "Novi Sad"]
[Date "2018.02.07"]
[Round "5"]
[White "Kadeliding, Alimujiang"]
[Black "Xu, Ruoying"]
[Result "0-1"]
[WhiteElo "1572"]
[BlackElo "1972"]
[PlyCount "36"]
[EventDate "2018.02.05"]
[EventType "swiss"]
[EventRounds "9"]
[EventCountry "SRB"]
[SourceTitle "CBM 183 Extra"]
[Source "ChessBase"]
[SourceDate "2018.04.19"]
[SourceVersion "1"]
[SourceVersionDate "2018.04.19"]
[SourceQuality "1"]

1. e4 e5 2. Nf3 Nc6 3. Bb5 a6 4. Ba4 Nf6 5. 0-0 Be7 6. Re1 b5 7. Bb3 d6 8. c3 0-0 9. h3 Na5 10. Bc2 c5 11. d4 Qc7 12. Nbd2 Rd8 13. Nf1 cxd4 14. cxd4 exd4 15. Qxd4 Qxc2 16. Bg5 Nc6 17. Qe3 Qc5 18. Qd2 Ne5 0-1

[Event "Montreal zt (Women)"]
[Site "Montreal"]
[Date "2017.12.31"]
[Round "9"]
[White "Xu, Ruoying"]
[Black "Khoudgarian, Natalia"]
[Result "0-1"]
[WhiteElo "2020"]
[BlackElo "2100"]
[PlyCount "92"]
[EventDate "2017.12.26"]
[EventType "tourn"]
[EventRounds "9"]
[EventCountry "CAN"]
[SourceTitle "CBM 182 Extra"]
[Source "ChessBase"]
[SourceDate "2018.02.23"]
[SourceVersion "1"]
[SourceVersionDate "2018.02.23"]
[SourceQuality "1"]

1. d4 e6 2. Nf3 f5 3. g3 Nf6 4. Bg2 d5 5. 0-0 Bd6 6. c4 c6 7. b3 Qe7 8. Bb2 b6 9. Qc1 0-0 10. Ba3 Ba6 11. Ne5 Rc8 12. Bxd6 Qxd6 13. Qa3 Qxa3 14. Nxa3 Nbd7 15. Nxd7 Nxd7 16. Rac1 Kf8 17. Rc2 Ke7 18. Rfc1 Nf6 19. e3 Kd7 20. Nb1 Ne4 21. Bxe4 fxe4 22. Nd2 Bb7 23. f3 exf3 24. Nxf3 c5 25. dxc5 Rxc5 26. b4 Rcc8 27. c5 bxc5 28. bxc5 Ba6 29. a4 Rab8 30. c6+ Kc7 31. Ne5 Rb4 32. a5 Re4 33. Rf2 Rxe5 34. Rf7+ Kb8 35. Rxg7 Rxe3 36. Rf7 Bc4 37. Rb7+ Ka8 38. Rcb1 Ba6 39. Kf2 Rc3 40. Re7 Rf8+ 41. Kg2 Rc2+ 42. Kh3 Rxc6 43. Kg4 d4 44. h4 d3 45. Kg5 d2 46. Rd1 Rd8 0-1

[Event "Montreal zt (Women)"]
[Site "Montreal"]
[Date "2017.12.29"]
[Round "5"]
[White "Xu, Ruoying"]
[Black "Wang, Jiaying"]
[Result "1-0"]
[WhiteElo "2020"]
[BlackElo "1919"]
[PlyCount "127"]
[EventDate "2017.12.26"]
[EventType "tourn"]
[EventRounds "9"]
[EventCountry "CAN"]
[SourceTitle "CBM 182 Extra"]
[Source "ChessBase"]
[SourceDate "2018.02.23"]
[SourceVersion "1"]
[SourceVersionDate "2018.02.23"]
[SourceQuality "1"]

1. d4 f5 2. Nc3 Nf6 3. Bg5 d5 4. Bxf6 exf6 5. e3 c6 6. Bd3 Bd6 7. Qf3 g6 8. Nge2 Nd7 9. h4 h5 10. g3 Nf8 11. a3 Ne6 12. Nf4 Bxf4 13. gxf4 Kf7 14. Qg2 Qe7 15. Ne2 Bd7 16. Rg1 Rhg8 17. Qf3 Ng7 18. Ng3 Qf8 19. Rg2 Ne8 20. 0-0-0 Nd6 21. Rdg1 Qh6 22. Qe2 b5 23. b3 Be6 24. f3 Nb7 25. Qd2 Qf8 26. Kb2 Qd6 27. c3 c5 28. e4 fxe4 29. fxe4 cxd4 30. cxd4 dxe4 31. Bxe4 Qb6 32. f5 gxf5 33. Nxf5 Bxf5 34. Bxf5 Nd6 35. Be6+ Kxe6 36. Rxg8 Rxg8 37. Rxg8 Kd5 38. Qg2+ Ne4 39. Re8 Qxd4+ 40. Kb1 Qd1+ 41. Ka2 Qg4 42. Rd8+ Ke5 43. Qb2+ Kf4 44. Qc1+ Kg3 45. Rg8 f5 46. Rxg4+ Kxg4 47. Qe3 Ng3 48. Qg5+ Kf3 49. Qg7 f4 50. Qxa7 Kg2 51. Qb7+ f3 52. a4 bxa4 53. bxa4 Ne2 54. a5 Nc1+ 55. Ka3 Nd3 56. a6 Nc5 57. Qg7+ Kh3 58. a7 f2 59. Qf8 Nd7 60. Qxf2 Ne5 61. Qe3+ Kxh4 62. Qxe5 Kh3 63. a8Q h4 64. Qf3# 1-0

[Event "Montreal zt (Women)"]
[Site "Montreal"]
[Date "2017.12.28"]
[Round "4"]
[White "Tian, Shi Yuan"]
[Black "Xu, Ruoying"]
[Result "1/2-1/2"]
[WhiteElo "1661"]
[BlackElo "2020"]
[PlyCount "120"]
[EventDate "2017.12.26"]
[EventType "tourn"]
[EventRounds "9"]
[EventCountry "CAN"]
[SourceTitle "CBM 182 Extra"]
[Source "ChessBase"]
[SourceDate "2018.02.23"]
[SourceVersion "1"]
[SourceVersionDate "2018.02.23"]
[SourceQuality "1"]

1. d4 Nf6 2. c4 c5 3. d5 b5 4. cxb5 a6 5. b6 d6 6. Nc3 Nbd7 7. e4 Nxb6 8. h3 g6 9. Nf3 Bg7 10. Be2 0-0 11. 0-0 Nfd7 12. Be3 Bb7 13. Qb3 Qc7 14. Rfd1 Rfc8 15. Rac1 Rab8 16. Rd2 Qd8 17. Rdd1 c4 18. Qc2 Ba8 19. Rd2 Nc5 20. Rdd1 Qe8 21. Rb1 Nba4 22. Bd4 Nxc3 23. bxc3 Rxb1 24. Rxb1 Nd7 25. Qa4 Nc5 26. Qxe8+ Rxe8 27. Bxg7 Kxg7 28. Nd2 f5 29. f3 e6 30. Bxc4 exd5 31. exd5 Na4 32. Rb3 Re5 33. Rb8 Bxd5 34. Bxa6 Nxc3 35. Nc4 Re1+ 36. Kh2 Ra1 37. Nxd6 Rxa2 38. Bc4 Bxc4 39. Nxc4 Ra7 40. Kg3 Nd5 41. Rd8 Nf6 42. Rd2 Nh5+ 43. Kf2 f4 44. Nd6 Ng3 45. Ne4 Nxe4+ 46. fxe4 Kf6 47. Kf3 g5 48. Rd6+ Ke5 49. Rd5+ Kf6 50. h4 Ra3+ 51. Kf2 h6 52. Rf5+ Kg6 53. Rf8 Re3 54. hxg5 hxg5 55. Re8 Kf6 56. Rf8+ Ke5 57. Rf5+ Kxe4 58. Rxg5 Ra3 59. Rg8 Ra2+ 60. Kg1 Ra3 1/2-1/2

[Event "Montreal zt (Women)"]
[Site "Montreal"]
[Date "2017.12.27"]
[Round "2"]
[White "Demchenko, Svitlana"]
[Black "Xu, Ruoying"]
[Result "1/2-1/2"]
[WhiteElo "2081"]
[BlackElo "2020"]
[PlyCount "123"]
[EventDate "2017.12.26"]
[EventType "tourn"]
[EventRounds "9"]
[EventCountry "CAN"]
[SourceTitle "CBM 182 Extra"]
[Source "ChessBase"]
[SourceDate "2018.02.23"]
[SourceVersion "1"]
[SourceVersionDate "2018.02.23"]
[SourceQuality "1"]

1. e4 e5 2. Nf3 Nc6 3. d4 exd4 4. Nxd4 Bc5 5. Be3 Bb6 6. Be2 d6 7. 0-0 Nf6 8. Nc3 0-0 9. Nxc6 bxc6 10. Bxb6 axb6 11. f4 Ba6 12. Bxa6 Rxa6 13. Qd3 Ra5 14. a4 Nd7 15. Rad1 Qe7 16. e5 d5 17. Rfe1 Raa8 18. Qg3 Rae8 19. Re2 f5 20. Qf3 Nc5 21. Kh1 Ne6 22. Red2 Qb4 23. Ne2 Qxa4 24. b3 Qe4 25. Qf2 Qb4 26. Rd3 Qc5 27. Qf3 b5 28. Rc3 Qb6 29. h3 b4 30. Rcd3 Nc5 31. Rd4 Ne6 32. R4d3 Nc5 33. Rd4 Ne6 34. R4d2 Qc5 35. Rg1 Kh8 36. g4 g6 37. g5 d4 38. Kh2 Rd8 39. Rgd1 Rd5 40. h4 Rfd8 41. Nc1 Qc3 42. Nd3 c5 43. h5 Kg7 44. Kg3 c4 45. bxc4 Qxc4 46. hxg6 hxg6 47. Rh2 Nc5 48. Qh1 Ne4+ 49. Kf3 Kf7 50. Rh7+ Ke6 51. Qh6 Rg8 52. Rg7 Rxg7 53. Qxg7 Qxc2 54. Qxg6+ Ke7 55. Qg7+ Ke8 56. Qg6+ Ke7 57. Qg7+ Ke8 58. Qg6+ Ke7 59. Qh7+ Ke8 60. Qg6+ Ke7 61. Qg7+ Ke8 62. Qg6+ 1/2-1/2

[Event "Canadian op U2200"]
[Site "Sault Ste Marie"]
[Date "2017.07.13"]
[Round "6"]
[White "Xu, Ruoying"]
[Black "Ehab, Mohamed"]
[Result "1-0"]
[WhiteElo "2064"]
[BlackElo "2057"]
[PlyCount "93"]
[EventDate "2017.07.11"]
[EventType "swiss"]
[EventRounds "9"]
[EventCountry "CAN"]
[SourceTitle "EXT 2022"]
[Source "ChessBase"]
[SourceDate "2021.10.06"]
[SourceVersion "1"]
[SourceVersionDate "2021.10.06"]
[SourceQuality "1"]

1. d4 Nf6 2. Nf3 d5 3. Bg5 g6 4. e3 Bg7 5. Bd3 c5 6. c3 b6 7. Nbd2 0-0 8. 0-0 Ba6 9. Bxa6 Nxa6 10. Qe2 Nc7 11. Rfd1 Qe8 12. Bf4 Nb5 13. a4 Nd6 14. h3 Nfe4 15. Nxe4 dxe4 16. Ne5 Rc8 17. d5 g5 18. Bh2 f5 19. Nc6 Rc7 20. a5 b5 21. a6 h5 22. f3 exf3 23. Qxf3 Qg6 24. Ne5 Qh6 25. h4 g4 26. Qf4 Qf6 27. Qg5 Ne4 28. Qxf6 exf6 29. Nxg4 Rd7 30. Nf2 Bh6 31. Nxe4 fxe4 32. Kf2 Rfd8 33. d6 Bf8 34. Ra5 Bxd6 35. Bxd6 Rxd6 36. Rxd6 Rxd6 37. Rxb5 Rxa6 38. Rxc5 Rb6 39. b4 Kf7 40. Rc7+ Ke6 41. Rxa7 Kd5 42. Rd7+ Ke5 43. Rc7 Kf5 44. Kg3 Rb5 45. Rc5+ Rxc5 46. bxc5 Ke5 47. c6 1-0